000 00486nam a2200157Ia 4500
008 210423s2008 xx 000 0 und d
020 _a9788126517299
041 _aeng
082 _a543 CHAN
100 _aCHAPMAN (Norman B),Ed.
245 _aAnalytical chemistry by open learning: mass spectrometry.
260 _aChichester
_bJohn Wiley & Sons
_c2008
300 _axxii,509
_bPB
365 _b1177
_cINR
906 _aAnalytical ; chemistry ; learning: ; mass ; open ; spectrometry.
999 _c154608
_d154608